000 00804nas a2200265 4500
001 BR2014006789
003 BR-BrBNA
005 20231205124647.0
007 ta
008 230509b bl.|||p| |||| 00| 00por d
040 _aBR-BrBNA
_bpor
_cBiblioteca Nacional de Agricultura
041 _a(En)
072 _aF01; U10
100 1 _aChatrou, L.W.
100 1 _aPieri, M.D.
100 1 _aVan Velzen, R.
100 1 _aBakker, F.T.
245 1 _aAnnonaceae substitution rates - a codon model perspective
650 _aPRODUÇÃO VEGETAL
650 _aMODELO MATEMÁTICO
650 _aANNONACEAE
773 0 _tRevista Brasileira de Fruticultura (Brazil)
_xISSN 0100-2945
_g(Feb 2014), v. 36(ed. esp.) p. 108-117
_wBR2014006789
909 _a202311
_bLúcia
_c55
_dLúcia Elande
942 _2AGRIS
_n0
_cANA
999 _c240240
_d240240